000 00945nam a2200193Ia 4500
001 11457
003 GE_BSU
008 181216s||||||||xx |||||||||||||| ||und||
040 _cGE_BSU
100 _aკობახიძე,შ; ბედია,ა.
245 _aჩაის ქიმია
245 _bსახელმძღვ.სუბტროპიკული მეურნეობის ინ-ტის ჩაის ტექნოლოგიის სპეც.სტუდენტებისათვის.
260 _aთბილისი
260 _bგანათლება
260 _c1974
300 _a280გვ;22სმ.
653 _aჩაის ქიმია.სახელმძღვ.სუბტროპიკული მეურნეობის ინ-ტის ჩაის ტექნოლოგიის სპეც.სტუდენტებისათვის.
942 _cBK
999 _c44654
_d44654